[Event "Junior Online 4NCL Division 2"]
[Site "online"]
[Date "2020.10.15"]
[Round "5.142"]
[White "Jayakumar, Bharath"]
[Black "Guha, Anuraag"]
[Result "1-0"]
[WhiteElo "1427"]
[BlackElo "1277"]
[PlyCount "41"]
[EventDate "2020.10.15"]
[WhiteTeam "Harrow Juniors B"]
[BlackTeam "Warwickshire Bears E"]

1. e4 e5 2. Nf3 Nc6 3. d4 exd4 4. c3 dxc3 5. Nxc3 Bc5 6. Bd3 d6 7. h3 Nf6 8.
O-O O-O 9. Nd5 Nxd5 10. exd5 Ne7 11. a3 c6 12. b4 Bb6 13. Re1 Nxd5 14. b5 Nc3
15. Qc2 Nxb5 16. Bxh7+ Kh8 17. Bb2 f6 18. Qg6 Ba5 19. Qh5 Bxe1 20. Bg6+ Kg8 21.
Qh7# 1-0

[Event "Junior Online 4NCL Division 2"]
[Site "online"]
[Date "2020.10.15"]
[Round "5.143"]
[White "Madoc, Arthur"]
[Black "Sankar, Dheekshitha"]
[Result "0-1"]
[WhiteElo "1285"]
[BlackElo "1352"]
[PlyCount "70"]
[EventDate "2020.10.15"]
[WhiteTeam "Warwickshire Bears E"]
[BlackTeam "Harrow Juniors B"]

1. e4 e5 2. Nf3 Nc6 3. Nc3 Nf6 4. Bc4 Bc5 5. O-O h6 6. d3 O-O 7. h3 d6 8. Be3
Bxe3 9. fxe3 Bd7 10. d4 a6 11. Qd3 b5 12. Bd5 Nb4 13. Qd2 Nbxd5 14. exd5 e4 15.
Nh2 b4 16. Ne2 Bb5 17. Rae1 Nxd5 18. c4 Bxc4 19. b3 Bb5 20. Rc1 Qg5 21. Nf4
Bxf1 22. Rxf1 Rfe8 23. Nxd5 Qxd5 24. Qxb4 Rab8 25. Qc3 c5 26. Rd1 Rbc8 27. Rc1
cxd4 28. Qxc8 Rxc8 29. Rxc8+ Kh7 30. exd4 Qxd4+ 31. Kf1 Qf6+ 32. Ke2 Qb2+ 33.
Ke3 Qxg2 34. Ng4 Qxh3+ 35. Kf4 Qf3# 0-1

[Event "Junior Online 4NCL Division 2"]
[Site "online"]
[Date "2020.10.15"]
[Round "5.144"]
[White "Evans, Daniel"]
[Black "Vaidyanathan, Sathya"]
[Result "1-0"]
[WhiteElo "1217"]
[BlackElo "1285"]
[PlyCount "101"]
[EventDate "2020.10.15"]
[WhiteTeam "Harrow Juniors B"]
[BlackTeam "Warwickshire Bears E"]

1. c4 e5 2. g3 Nc6 3. Bg2 Bc5 4. e3 Nf6 5. Nc3 e4 6. Nxe4 Nxe4 7. Bxe4 O-O 8.
Bg2 d6 9. Ne2 h6 10. O-O Be6 11. b3 a6 12. d4 Ba7 13. d5 Ne5 14. dxe6 fxe6 15.
Bxb7 Nf3+ 16. Bxf3 Rxf3 17. Nd4 Bxd4 18. Qxd4 e5 19. Qd5+ Rf7 20. Bb2 Qf8 21.
f4 exf4 22. Rxf4 Re8 23. Rg4 Kh8 24. Qh5 Re6 25. Rg6 Rxg6 26. Qxg6 Kg8 27. Qe6
a5 28. Rf1 c6 29. Rxf7 Qxf7 30. Qxf7+ Kxf7 31. Kf2 Ke6 32. Kf3 d5 33. cxd5+
Kxd5 34. Bxg7 h5 35. Bc3 Kc5 36. Bxa5 Kb5 37. Bc3 c5 38. e4 c4 39. bxc4+ Kxc4
40. Bf6 Kb4 41. e5 Ka3 42. e6 Kxa2 43. e7 Kb3 44. e8=Q Kc4 45. Qd7 Kc5 46. Ke4
Kc4 47. Qd5+ Kb4 48. Kd4 h4 49. Qc5+ Ka4 50. Kc4 hxg3 51. Qb4# 1-0

[Event "Junior Online 4NCL Division 2"]
[Site "online"]
[Date "2020.10.15"]
[Round "5.145"]
[White "Parikh, Naavya"]
[Black "Walker, Jamie"]
[Result "1-0"]
[WhiteElo "1420"]
[BlackElo "1330"]
[PlyCount "97"]
[EventDate "2020.10.15"]
[WhiteTeam "Harrow Juniors B"]
[BlackTeam "Warwickshire Bears E"]

1. e4 e5 2. Nf3 Nc6 3. Bc4 Nf6 4. Ng5 Bc5 5. Nxf7 Bxf2+ 6. Kf1 Qe7 7. Nxh8 Qc5
8. Qe2 d5 9. Bxd5 Ng4 10. Bxc6+ bxc6 11. h3 Ba6 12. d3 Ne3+ 13. Bxe3 Bxe3 14.
Nc3 O-O-O 15. Ke1 Rxh8 16. Rf1 Bd4 17. Qg4+ Kb7 18. Qxg7 Bxc3+ 19. bxc3 Qxc3+
20. Kf2 Qd4+ 21. Ke2 Rd8 22. Rab1+ Bb5 23. Qxh7 Qc3 24. Rfc1 Ka6 25. Qxc7 Bxd3+
26. cxd3 Qxd3+ 27. Kf2 Qd4+ 28. Kf1 Rf8+ 29. Ke1 Qxe4+ 30. Kd2 Rf2+ 31. Kc3
Qd4+ 32. Kb3 Qd5+ 33. Rc4 Qd3+ 34. Rc3 Qb5+ 35. Ka3 Qxb1 36. Rxc6+ Kb5 37. Qb7+
Ka5 38. Qxb1 a6 39. Qe1+ Kb5 40. Qxf2 Kxc6 41. Qf6+ Kb5 42. Qxe5+ Kb6 43. Qd5
Ka7 44. Qc6 a5 45. Ka4 Kb8 46. Qd7 Ka8 47. Kxa5 Kb8 48. Ka6 Ka8 49. Qb7# 1-0

[Event "Junior Online 4NCL Division 2"]
[Site "online"]
[Date "2020.10.15"]
[Round "5.146"]
[White "Guha, Anuraag"]
[Black "Jayakumar, Bharath"]
[Result "0-1"]
[WhiteElo "1277"]
[BlackElo "1427"]
[PlyCount "50"]
[EventDate "2020.10.15"]
[WhiteTeam "Warwickshire Bears E"]
[BlackTeam "Harrow Juniors B"]

1. e4 c5 2. Nc3 d6 3. Nf3 Nf6 4. Bc4 e6 5. d4 cxd4 6. Nxd4 a6 7. Nf3 b5 8. Bd3
Bb7 9. e5 dxe5 10. Nxe5 Bxg2 11. Rg1 Bd6 12. Bf4 Bb7 13. Rxg7 Rf8 14. Bxh7 b4
15. Ne2 b3 16. Bh6 Bxe5 17. Qxd8+ Kxd8 18. cxb3 Rh8 19. Rxf7 Rxh7 20. Rxh7 Nxh7
21. Rd1+ Ke7 22. Be3 Bxh2 23. Bc5+ Kf7 24. Rd7+ Nxd7 25. f4 Nxc5 0-1

[Event "Junior Online 4NCL Division 2"]
[Site "online"]
[Date "2020.10.15"]
[Round "5.147"]
[White "Sankar, Dheekshitha"]
[Black "Madoc, Arthur"]
[Result "0-1"]
[WhiteElo "1352"]
[BlackElo "1285"]
[PlyCount "72"]
[EventDate "2020.10.15"]
[WhiteTeam "Harrow Juniors B"]
[BlackTeam "Warwickshire Bears E"]

1. e4 b6 2. Nf3 Bb7 3. Nc3 Nf6 4. d4 Bxe4 5. Ng5 Bb7 6. Bc4 e6 7. O-O d5 8. Bd3
Nc6 9. Be3 Bd6 10. Qf3 Nb4 11. Rad1 Nxd3 12. Rxd3 Ba6 13. Rdd1 Bxf1 14. Rxf1
O-O 15. Re1 c6 16. Nh3 Bc7 17. Bg5 Qe7 18. Qg4 Bd8 19. Bxf6 Qxf6 20. Re3 Qg6
21. Qf4 Rc8 22. Rg3 Bc7 23. Rxg6 Bxf4 24. Rg4 Bd6 25. Ng5 h6 26. Nf3 c5 27. Nb5
Rfd8 28. Nxa7 Rc7 29. Nb5 Rc6 30. Na7 Rc7 31. Nb5 Re7 32. Nxd6 Rxd6 33. Ne5
cxd4 34. Rxd4 Rc7 35. Rb4 Rxc2 36. Rf4 Rc1# 0-1

[Event "Junior Online 4NCL Division 2"]
[Site "online"]
[Date "2020.10.15"]
[Round "5.148"]
[White "Vaidyanathan, Sathya"]
[Black "Evans, Daniel"]
[Result "0-1"]
[WhiteElo "1285"]
[BlackElo "1217"]
[PlyCount "100"]
[EventDate "2020.10.15"]
[WhiteTeam "Warwickshire Bears E"]
[BlackTeam "Harrow Juniors B"]

1. e4 e6 2. d4 d5 3. exd5 exd5 4. Nf3 Nf6 5. Nc3 Be6 6. Be3 Bd6 7. Bd3 Nc6 8.
O-O O-O 9. Ng5 h6 10. Nxe6 fxe6 11. Nb5 Be7 12. Nc3 a6 13. a3 Bd6 14. h3 e5 15.
dxe5 Nxe5 16. Bf4 Nxd3 17. Bxd6 Nxf2 18. Rxf2 Qxd6 19. Rd2 c6 20. Ne2 Ne4 21.
Rd4 Qc5 22. b4 Qd6 23. Rxe4 c5 24. bxc5 Qxc5+ 25. Rd4 Rae8 26. Nc1 Re7 27. Nb3
Qa7 28. Kh1 Rfe8 29. Rxd5 Qb8 30. Rd2 Qg3 31. Rd8 Kh7 32. Qd3+ Qxd3 33. Rxd3
Rc7 34. Rc1 Rec8 35. Rd2 Rf7 36. c4 Rfc7 37. c5 b6 38. Rdc2 a5 39. a4 h5 40.
cxb6 Rxc2 41. Rxc2 Rxc2 42. b7 Ra2 43. b8=Q Rxa4 44. Nxa5 Rxa5 45. Qb1+ g6 46.
Qb7+ Kh6 47. g4 Ra1+ 48. Kh2 Ra2+ 49. Kg3 Ra3+ 50. Kh4 g5# 0-1

[Event "Junior Online 4NCL Division 2"]
[Site "online"]
[Date "2020.10.15"]
[Round "5.151"]
[White "Munshi, Aryan"]
[Black "Lievens, Karel"]
[Result "1-0"]
[WhiteElo "1403"]
[BlackElo "1416"]
[PlyCount "89"]
[EventDate "2020.10.15"]
[WhiteTeam "Phones Juniors A"]
[BlackTeam "St Benildus"]

1. d4 d5 2. c4 c6 3. cxd5 cxd5 4. Nc3 Nf6 5. Bf4 Nc6 6. Nf3 a6 7. e3 Bg4 8. Be2
e6 9. h3 Bh5 10. O-O Bd6 11. Bxd6 Qxd6 12. a3 Rc8 13. Rc1 O-O 14. Na4 Ne4 15.
Nc5 Nxc5 16. Rxc5 Ne7 17. Rxc8 Rxc8 18. Qd2 Rc6 19. Ne5 Bxe2 20. Nxc6 Bxf1 21.
Nxe7+ Qxe7 22. Kxf1 Qc7 23. b3 Kf8 24. Ke2 Qc6 25. a4 Ke7 26. Qb4+ Ke8 27. Kd2
h6 28. f4 f6 29. g4 Kf7 30. Qa5 Ke7 31. Qb4+ Kf7 32. h4 f5 33. g5 hxg5 34. hxg5
g6 35. Qc5 Qxc5 36. dxc5 Ke7 37. Kc3 Kd7 38. b4 Kc6 39. Kd4 Kd7 40. b5 a5 41.
Ke5 Ke7 42. c6 b6 43. c7 Kd7 44. c8=Q+ Kxc8 45. Kxe6 1-0

[Event "Junior Online 4NCL Division 2"]
[Site "online"]
[Date "2020.10.15"]
[Round "5.152"]
[White "Hand, Joseph"]
[Black "Suyal, Nivedita"]
[Result "0-1"]
[WhiteElo "1092"]
[BlackElo "1072"]
[PlyCount "152"]
[EventDate "2020.10.15"]
[WhiteTeam "St Benildus"]
[BlackTeam "Phones Juniors A"]

1. e4 e5 2. f4 exf4 3. Nf3 Nc6 4. d4 d6 5. Bc4 Bg4 6. O-O Nf6 7. Nc3 Be7 8.
Bxf4 O-O 9. a3 h6 10. b4 a6 11. e5 dxe5 12. dxe5 Nh5 13. Qxd8 Raxd8 14. Nd5
Nxf4 15. Nxf4 Bxf3 16. Rxf3 Nxe5 17. Re3 Nxc4 18. Rxe7 Rc8 19. Nd5 Rfe8 20.
Rxc7 Rxc7 21. Nxc7 Rc8 22. Nd5 Kf8 23. Re1 Nxa3 24. c3 Re8 25. Ra1 Nb5 26. c4
Nd6 27. c5 Nb5 28. Kf2 Rd8 29. Rd1 Nc7 30. Nc3 Rxd1 31. Nxd1 Nd5 32. Ne3 Nxb4
33. Nc4 Nd3+ 34. Ke3 Nxc5 35. Kd4 Ne6+ 36. Kd5 Ke7 37. g3 Nc7+ 38. Kc5 Ne6+ 39.
Kb6 Nd8 40. Na5 f5 41. Nc4 g6 42. Ne5 Kf6 43. Nd7+ Ke6 44. Nf8+ Kf7 45. Nd7 h5
46. h4 Ke7 47. Ne5 Kf6 48. Nd7+ Kg7 49. Ne5 Ne6 50. Kxb7 a5 51. Nc4 a4 52. Kb6
Nd4 53. Ka5 Ne2 54. Kxa4 Nxg3 55. Nd2 f4 56. Nf3 Kf6 57. Kb4 Kf5 58. Kc4 Kg4
59. Ne5+ Kf5 60. Nf3 Ne4 61. Kd4 g5 62. Kd3 gxh4 63. Nxh4+ Kg4 64. Ng2 Nf6 65.
Ke2 f3+ 66. Kf2 fxg2 67. Kxg2 h4 68. Kh2 Ne4 69. Kg2 h3+ 70. Kh2 Nf2 71. Kg1
Kg3 72. Kf1 h2 73. Ke2 h1=Q 74. Ke3 Qe4+ 75. Kd2 Qd3+ 76. Ke1 Qd1# 0-1

[Event "Junior Online 4NCL Division 2"]
[Site "online"]
[Date "2020.10.15"]
[Round "5.153"]
[White "Lukhi, Neev"]
[Black "Bueckert, Diana"]
[Result "1-0"]
[WhiteElo "1003"]
[BlackElo "965"]
[PlyCount "91"]
[EventDate "2020.10.15"]
[WhiteTeam "Phones Juniors A"]
[BlackTeam "St Benildus"]

1. d4 Nf6 2. Bf4 e6 3. e3 c5 4. c3 d5 5. Nf3 Nc6 6. Bb5 Bd7 7. O-O Be7 8. Nbd2
O-O 9. Nb3 c4 10. Nbd2 a6 11. Bxc6 Bxc6 12. b3 cxb3 13. axb3 Rc8 14. c4 Ne4 15.
Nxe4 dxe4 16. Ne5 Bd6 17. Qg4 f5 18. Qg3 Bxe5 19. Bxe5 Qd7 20. Rfd1 Rf7 21.
Rac1 b5 22. c5 a5 23. Ra1 a4 24. bxa4 bxa4 25. h4 Bd5 26. h5 Bb3 27. Rdc1 Ra8
28. c6 Qe8 29. c7 Rc8 30. h6 g6 31. Qg5 Qe7 32. Qxe7 Rxe7 33. Rc6 Ree8 34. Rb6
Kf7 35. Rb8 g5 36. g3 Kg6 37. Kg2 Kxh6 38. f4 gxf4 39. gxf4 Rg8+ 40. Kf2 Rge8
41. Rh1+ Kg6 42. Rg1+ Kh5 43. Rg5+ Kh4 44. Bf6 Kh3 45. Rh5+ Kg4 46. Rh4# 1-0

[Event "Junior Online 4NCL Division 2"]
[Site "online"]
[Date "2020.10.15"]
[Round "5.154"]
[White "Gubala, Max"]
[Black "Benson, Alice"]
[Result "1-0"]
[WhiteElo "700"]
[BlackElo "740"]
[PlyCount "56"]
[EventDate "2020.10.15"]
[WhiteTeam "St Benildus"]
[BlackTeam "Phones Juniors A"]

1. e4 e5 2. Nf3 Nc6 3. Bb5 a6 4. Ba4 Bc5 5. O-O d6 6. Re1 Nf6 7. c3 Bg4 8. h3
Bxf3 9. Qxf3 O-O 10. b4 Bb6 11. Bb3 Re8 12. d3 h6 13. Be3 Bxe3 14. Rxe3 Qd7 15.
Nd2 Ne7 16. Nf1 Ng6 17. d4 exd4 18. cxd4 Qe7 19. Ng3 c5 20. Nf5 Qc7 21. Nxh6+
gxh6 22. Qxf6 cxb4 23. Qxg6+ Kf8 24. Qxh6+ Ke7 25. Rf3 Rf8 26. Qg5+ f6 27. Qg7+
Kd8 28. Qxf8+ Kd7 1-0

[Event "Junior Online 4NCL Division 2"]
[Site "online"]
[Date "2020.10.15"]
[Round "5.155"]
[White "Lievens, Karel"]
[Black "Munshi, Aryan"]
[Result "0-1"]
[WhiteElo "1416"]
[BlackElo "1403"]
[PlyCount "130"]
[EventDate "2020.10.15"]
[WhiteTeam "St Benildus"]
[BlackTeam "Phones Juniors A"]

1. e4 e5 2. Nf3 Nc6 3. Nc3 Nf6 4. d4 exd4 5. Nxd4 Bb4 6. Nxc6 bxc6 7. Bd3 d5 8.
exd5 cxd5 9. O-O O-O 10. h3 h6 11. Qf3 Be6 12. Bf4 c6 13. Ne2 Bd6 14. Bxd6 Qxd6
15. Qg3 Qxg3 16. fxg3 Rab8 17. b3 Nd7 18. Nf4 Nc5 19. Nxe6 fxe6 20. Be2 Ne4 21.
Kh2 Rf6 22. Rxf6 gxf6 23. c4 Rc8 24. Rc1 Nd6 25. Bg4 Kf7 26. Re1 f5 27. Bh5+
Kf6 28. c5 Ne4 29. Bf3 Nxc5 30. Rc1 Ne4 31. g4 Ng5 32. h4 Nxf3+ 33. gxf3 fxg4
34. fxg4 Rg8 35. Kh3 Rc8 36. Kg3 e5 37. Rf1+ Kg6 38. h5+ Kg7 39. g5 hxg5 40.
Kg4 Re8 41. Kxg5 Re6 42. Rc1 e4 43. b4 a6 44. a4 e3 45. b5 axb5 46. a5 e2 47.
Re1 c5 48. a6 Rxa6 49. Rxe2 Ra7 50. Re5 Rd7 51. h6+ Kh7 52. Re6 d4 53. Re5 d3
54. Re1 d2 55. Rd1 c4 56. Kh5 c3 57. Kg5 c2 58. Rxd2 Rxd2 59. Kf6 c1=Q 60. Kg5
Qg1+ 61. Kf4 Qf1+ 62. Ke3 Qe1+ 63. Kf4 Rf2+ 64. Kg5 Qg1+ 65. Kh5 Rh2# 0-1

[Event "Junior Online 4NCL Division 2"]
[Site "online"]
[Date "2020.10.15"]
[Round "5.156"]
[White "Suyal, Nivedita"]
[Black "Hand, Joseph"]
[Result "1-0"]
[WhiteElo "1072"]
[BlackElo "1092"]
[PlyCount "75"]
[EventDate "2020.10.15"]
[WhiteTeam "Phones Juniors A"]
[BlackTeam "St Benildus"]

1. e4 e5 2. Nf3 Nc6 3. Bc4 Nf6 4. Nc3 Bb4 5. d3 O-O 6. Bg5 d6 7. h3 Qe7 8. O-O
Be6 9. Nd5 Bxd5 10. Bxd5 Nd4 11. c3 c6 12. Bb3 Nxb3 13. Qxb3 Bc5 14. a4 h6 15.
Bh4 d5 16. Rfe1 Qe6 17. exd5 Nxd5 18. Nxe5 Nf4 19. Qxe6 Nxe6 20. Nd7 Rfd8 21.
Bxd8 Rxd8 22. Nxc5 Nxc5 23. d4 Nb3 24. Rad1 Na5 25. Rd2 Nc4 26. Rde2 Kf8 27. b3
Nd6 28. b4 Nf5 29. Kh2 b6 30. g4 Nh4 31. Kg3 Ng6 32. h4 Nh8 33. Re7 a6 34. Rc7
g5 35. hxg5 hxg5 36. Rxc6 Ng6 37. Rxb6 Nf4 38. Rxa6 1-0

[Event "Junior Online 4NCL Division 2"]
[Site "online"]
[Date "2020.10.15"]
[Round "5.157"]
[White "Bueckert, Diana"]
[Black "Lukhi, Neev"]
[Result "0-1"]
[WhiteElo "965"]
[BlackElo "1003"]
[PlyCount "110"]
[EventDate "2020.10.15"]
[WhiteTeam "St Benildus"]
[BlackTeam "Phones Juniors A"]

1. d4 Nf6 2. Nf3 e6 3. c4 d5 4. e3 Be7 5. Nc3 O-O 6. Bd3 dxc4 7. Bxc4 Nbd7 8.
O-O c5 9. b3 cxd4 10. exd4 a6 11. Bb2 b5 12. Bd3 Bb7 13. Re1 Qb6 14. a4 b4 15.
Ne4 Rac8 16. Ned2 Nd5 17. Nc4 Qc7 18. Rc1 N7b6 19. Na5 Qb8 20. Nxb7 Qxb7 21.
Qe2 Nf4 22. Qe3 Nxd3 23. Qxd3 Nd5 24. Ne5 Bf6 25. Nc4 Nf4 26. Qg3 Ng6 27. Nd6
Rxc1 28. Rxc1 Qd5 29. Rc4 Bh4 30. Rc5 Qxc5 31. dxc5 Bxg3 32. hxg3 Ne7 33. Bd4
Nc6 34. Be3 a5 35. Nb7 f5 36. Bf4 e5 37. Be3 Rf7 38. Nd6 Rd7 39. Nxf5 Rd3 40.
Nh4 Rxb3 41. Nf5 Ra3 42. Nd6 Rxa4 43. Kf1 Ra1+ 44. Ke2 b3 45. Kd2 a4 46. Kc3
Rc1+ 47. Kb2 Rc2+ 48. Kb1 a3 49. Ka1 b2+ 50. Ka2 Re2 51. Kb1 Re1+ 52. Ka2 b1=Q+
53. Kxa3 Qb4+ 54. Ka2 Rb1 55. Bd2 Qb2# 0-1

[Event "Junior Online 4NCL Division 2"]
[Site "online"]
[Date "2020.10.15"]
[Round "5.158"]
[White "Benson, Alice"]
[Black "Gubala, Max"]
[Result "0-1"]
[WhiteElo "740"]
[BlackElo "700"]
[PlyCount "148"]
[EventDate "2020.10.15"]
[WhiteTeam "Phones Juniors A"]
[BlackTeam "St Benildus"]

1. d4 g6 2. Bf4 Bg7 3. Nc3 Nf6 4. e4 d6 5. Qd2 Bd7 6. Bh6 Bf8 7. Bxf8 Rxf8 8.
Qh6 Nc6 9. d5 Nd4 10. O-O-O e5 11. f4 Ng4 12. Qg7 f6 13. Rd2 Ne3 14. Bd3 Qe7
15. Qh6 Ng4 16. Qh4 f5 17. Qxe7+ Kxe7 18. exf5 Bxf5 19. Bxf5 Nxf5 20. fxe5 Nxe5
21. Nh3 Ne3 22. Re1 N3c4 23. Rde2 h6 24. Nf4 Rxf4 25. Nb5 Kd7 26. g3 Rf7 27.
Nd4 Nb6 28. Rd2 Nxd5 29. Nb3 Nb6 30. Rxe5 Rf1+ 31. Rd1 Rxd1+ 32. Kxd1 dxe5 33.
Nc5+ Kc6 34. Ne4 Rd8+ 35. Ke2 Nc4 36. b3 Nb2 37. Nf6 a5 38. Ng4 a4 39. Nxe5+
Kd5 40. Nxg6 Re8+ 41. Kd2 axb3 42. axb3 b5 43. Kc1 Nc4 44. bxc4+ bxc4 45. Kd2
c5 46. Nf4+ Kc6 47. h3 Rg8 48. g4 Rf8 49. Ke3 Kb5 50. Ng6 Re8+ 51. Kd2 Kb4 52.
Nf4 c3+ 53. Kd3 Rd8+ 54. Ke3 Rd2 55. Ne2 Rxc2 56. Kd3 Rxe2 57. Kxe2 Kb3 58. Kd1
Kb2 59. h4 c2+ 60. Kd2 c1=Q+ 61. Ke2 Qf4 62. Kd3 c4+ 63. Ke2 Kc2 64. Ke1 Qe3+
65. Kf1 Qh3+ 66. Kf2 Qxh4+ 67. Kf3 h5 68. Kg2 hxg4 69. Kg1 Qh3 70. Kf2 Qf3+ 71.
Kg1 c3 72. Kh2 g3+ 73. Kg1 Qf2+ 74. Kh1 Qh2# 0-1

[Event "Junior Online 4NCL Division 2"]
[Site "online"]
[Date "2020.10.15"]
[Round "5.161"]
[White "Barton, Ben"]
[Black "Wang, Xiaorui"]
[Result "1-0"]
[WhiteElo "1442"]
[BlackElo "1262"]
[PlyCount "25"]
[EventDate "2020.10.15"]
[WhiteTeam "KJCA Young Kestrels E"]
[BlackTeam "SASCA Sharks"]

1. e4 e5 2. Nf3 Nc6 3. Bb5 Nf6 4. O-O Bc5 5. Nc3 d6 6. d3 Be6 7. Bg5 O-O 8. a3
h6 9. Bh4 Qd7 10. Bxf6 gxf6 11. b4 Bd4 12. Nxd4 Nxd4 13. Bxd7 1-0

[Event "Junior Online 4NCL Division 2"]
[Site "online"]
[Date "2020.10.15"]
[Round "5.162"]
[White "Harper, Luke"]
[Black "Adatia, Amar"]
[Result "0-1"]
[WhiteElo "1225"]
[BlackElo "1457"]
[PlyCount "80"]
[EventDate "2020.10.15"]
[WhiteTeam "SASCA Sharks"]
[BlackTeam "KJCA Young Kestrels E"]

1. d4 Nf6 2. c4 g6 3. Nc3 d5 4. e3 Bg7 5. Nf3 O-O 6. cxd5 Nxd5 7. Nxd5 Qxd5 8.
Bd2 Nd7 9. Rc1 Qxa2 10. Bc3 b6 11. Be2 Bb7 12. O-O Rfd8 13. Ra1 Qd5 14. Qd3 c5
15. e4 Qxe4 16. Qxe4 Bxe4 17. dxc5 Nxc5 18. Bxg7 Kxg7 19. Ng5 Bd3 20. Bxd3 Nxd3
21. b3 Nc5 22. b4 Nd3 23. Nf3 Nxb4 24. Rab1 Nc2 25. Rb2 Nd4 26. Nxd4 Rxd4 27.
Re2 e6 28. Rc1 Rad8 29. Ree1 f5 30. Rc7+ R8d7 31. Rxd7+ Rxd7 32. g3 Kf6 33. Kg2
h5 34. Ra1 g5 35. h3 g4 36. Ra4 a5 37. Kh2 Rd2 38. Kg2 gxh3+ 39. Kxh3 Rxf2 40.
Kh4 Rh2# 0-1

[Event "Junior Online 4NCL Division 2"]
[Site "online"]
[Date "2020.10.15"]
[Round "5.163"]
[White "Gaekwad, Ankit"]
[Black "Pennington, Jonathan"]
[Result "1-0"]
[WhiteElo "1517"]
[BlackElo "1075"]
[PlyCount "35"]
[EventDate "2020.10.15"]
[WhiteTeam "KJCA Young Kestrels E"]
[BlackTeam "SASCA Sharks"]

1. d4 d5 2. Bf4 Nc6 3. e3 Bf5 4. Nf3 e6 5. c3 Bd6 6. Bg3 Bxg3 7. hxg3 Nf6 8.
Nbd2 O-O 9. Ne5 Nxe5 10. dxe5 Ne4 11. g4 Nxd2 12. Kxd2 Be4 13. f3 Bg6 14. Ke1
c5 15. Bd3 d4 16. exd4 Bxd3 17. Qxd3 cxd4 18. Qxh7# 1-0

[Event "Junior Online 4NCL Division 2"]
[Site "online"]
[Date "2020.10.15"]
[Round "5.164"]
[White "Dewis, Oliver"]
[Black "Shkuratovskyi, Makariy"]
[Result "1/2-1/2"]
[WhiteElo "1075"]
[BlackElo "1375"]
[PlyCount "123"]
[EventDate "2020.10.15"]
[WhiteTeam "SASCA Sharks"]
[BlackTeam "KJCA Young Kestrels E"]

1. d4 d5 2. c4 c6 3. e3 Nf6 4. Nd2 g6 5. Ngf3 Bg7 6. Bd3 O-O 7. O-O Bg4 8. Be2
Bxf3 9. Bxf3 a6 10. cxd5 cxd5 11. Qb3 Qd7 12. e4 dxe4 13. Nxe4 Nxe4 14. Bxe4
Nc6 15. d5 Ne5 16. Bf4 b5 17. Qc3 Ng4 18. Qh3 Nf6 19. Bf3 Qxh3 20. gxh3 Rad8
21. d6 exd6 22. Rad1 d5 23. Be5 Rfe8 24. Bxf6 Bxf6 25. Bxd5 Bxb2 26. Bc6 Rxd1
27. Rxd1 Rf8 28. Rd2 Bg7 29. Bb7 a5 30. Rd5 Rb8 31. Rxb5 Bc3 32. Rb1 Kf8 33.
Kf1 Ke7 34. Ke2 Kd7 35. Kd3 Bf6 36. Bc6+ Kc7 37. Rxb8 Kxb8 38. Bd5 Be5 39. Bxf7
Bxh2 40. Bg8 h6 41. Bf7 g5 42. Be6 Kc7 43. a4 Kd6 44. Bf5 Kc5 45. Bd7 Kd5 46.
f3 Ke5 47. Ke3 Bg1+ 48. Ke2 Kf4 49. Bc8 Bb6 50. Bd7 Ke5 51. Bg4 Kd5 52. Bf5 Kc5
53. Kd3 Kb4 54. Bd7 Kc5 55. Ke4 Kc4 56. f4 Bd8 57. fxg5 hxg5 58. Kf5 Kd4 59.
Kg4 Ke5 60. Bc8 Kd6 61. Bf5 Kc5 62. Bd7 1/2-1/2

[Event "Junior Online 4NCL Division 2"]
[Site "online"]
[Date "2020.10.15"]
[Round "5.165"]
[White "Wang, Xiaorui"]
[Black "Barton, Ben"]
[Result "0-1"]
[WhiteElo "1262"]
[BlackElo "1442"]
[PlyCount "24"]
[EventDate "2020.10.15"]
[WhiteTeam "SASCA Sharks"]
[BlackTeam "KJCA Young Kestrels E"]

1. e4 c5 2. Nc3 Nc6 3. Nf3 Nf6 4. d3 e6 5. Be3 d5 6. e5 Ng4 7. Qe2 d4 8. Bg5
Qa5 9. O-O-O dxc3 10. bxc3 Qxc3 11. Qe4 Nxf2 12. Bd2 Qa1# 0-1

[Event "Junior Online 4NCL Division 2"]
[Site "online"]
[Date "2020.10.15"]
[Round "5.166"]
[White "Adatia, Amar"]
[Black "Harper, Luke"]
[Result "1-0"]
[WhiteElo "1457"]
[BlackElo "1225"]
[PlyCount "77"]
[EventDate "2020.10.15"]
[WhiteTeam "KJCA Young Kestrels E"]
[BlackTeam "SASCA Sharks"]

1. d4 d5 2. c4 dxc4 3. e3 e5 4. Bxc4 Nf6 5. Nf3 exd4 6. Qxd4 Qxd4 7. Nxd4 Bb4+
8. Bd2 Bxd2+ 9. Nxd2 c5 10. Nb5 O-O 11. Nc7 Na6 12. Nxa8 Nb4 13. Rc1 Be6 14.
Bxe6 Nd3+ 15. Ke2 Nxc1+ 16. Rxc1 fxe6 17. Nc7 Ng4 18. f3 Ne5 19. Nxe6 Re8 20.
Nxc5 Rc8 21. Nd3 Nxd3 22. Rxc8+ Kf7 23. Kxd3 Ke7 24. Ne4 Ke6 25. Rc7 Ke5 26.
f4+ Kf5 27. Rxg7 Ke6 28. Rxb7 a6 29. g4 a5 30. Rb6+ Ke7 31. f5 a4 32. f6+ Kf7
33. g5 Kg6 34. h4 Kf7 35. h5 a3 36. bxa3 Kf8 37. g6 hxg6 38. hxg6 Kg8 39. Rb8#
1-0

[Event "Junior Online 4NCL Division 2"]
[Site "online"]
[Date "2020.10.15"]
[Round "5.167"]
[White "Pennington, Jonathan"]
[Black "Gaekwad, Ankit"]
[Result "0-1"]
[WhiteElo "1075"]
[BlackElo "1517"]
[PlyCount "52"]
[EventDate "2020.10.15"]
[WhiteTeam "SASCA Sharks"]
[BlackTeam "KJCA Young Kestrels E"]

1. d4 Nf6 2. c4 g6 3. Bg5 Bg7 4. Nc3 O-O 5. e3 d6 6. c5 e5 7. dxe5 dxe5 8. Qxd8
Rxd8 9. Bxf6 Bxf6 10. Ne4 Bg7 11. Bc4 Nc6 12. Nf3 Bf5 13. Neg5 Rf8 14. Bxf7+
Rxf7 15. Nxf7 Kxf7 16. Ng5+ Kg8 17. O-O Bf6 18. Nf3 e4 19. Nh4 Bxh4 20. g3 Bf6
21. Rad1 Bh3 22. Rfe1 Bxb2 23. Rd5 Be6 24. Rd2 Bc3 25. Rde2 Bxe1 26. Rxe1 Rd8
0-1

[Event "Junior Online 4NCL Division 2"]
[Site "online"]
[Date "2020.10.15"]
[Round "5.168"]
[White "Shkuratovskyi, Makariy"]
[Black "Dewis, Oliver"]
[Result "1-0"]
[WhiteElo "1375"]
[BlackElo "1075"]
[PlyCount "33"]
[EventDate "2020.10.15"]
[WhiteTeam "KJCA Young Kestrels E"]
[BlackTeam "SASCA Sharks"]

1. e4 e5 2. Nf3 Nc6 3. Bc4 Nf6 4. Ng5 d6 5. Nxf7 Qd7 6. Nxh8 Na5 7. Qe2 Nxc4 8.
Qxc4 c6 9. Nf7 d5 10. exd5 Qxf7 11. O-O cxd5 12. Qb3 Bd7 13. Re1 Bc6 14. Rxe5+
Be7 15. Nc3 Qg6 16. Qb4 d4 17. Qxe7# 1-0

[Event "Junior Online 4NCL Division 2"]
[Site "online"]
[Date "2020.10.29"]
[Round "6.11"]
[White "Karjodkar, Praneeta"]
[Black "Shah, Rahul"]
[Result "0-1"]
[WhiteElo "1202"]
[BlackElo "1502"]
[PlyCount "88"]
[EventDate "2020.10.29"]
[WhiteTeam "Harrow Juniors D"]
[BlackTeam "May The Fork Be With You 2"]

1. e4 c5 2. Nf3 d6 3. Nc3 Nf6 4. Bc4 g6 5. d3 Bg7 6. h3 Bd7 7. Be3 O-O 8. O-O
Nc6 9. a3 a6 10. Qe2 b5 11. Bd5 Nxd5 12. Nxd5 Bxb2 13. Rab1 Bg7 14. c4 Rb8 15.
Qd2 e6 16. Nf4 Qc7 17. cxb5 axb5 18. Rb3 Na5 19. Rbb1 Nc6 20. d4 cxd4 21. Bxd4
Nxd4 22. Nxd4 e5 23. Rfc1 Qb6 24. Nd5 Qxd4 25. Qxd4 exd4 26. Ne7+ Kh8 27. Rc7
Be6 28. Ra7 d3 29. Rd1 Bd4 30. Ra5 Bb6 31. Ra6 Bc4 32. a4 b4 33. a5 Bxa6 34.
Nd5 Bxa5 35. Rb1 d2 36. Ne3 b3 37. f4 Bb6 38. Rxb3 Bxe3+ 39. Kh2 Bxf4+ 40. g3
Rxb3 41. Kg2 d1=Q 42. Kf2 Qe2+ 43. Kg1 Be3+ 44. Kh1 Rb1# 0-1

[Event "Junior Online 4NCL Division 2"]
[Site "online"]
[Date "2020.10.29"]
[Round "6.13"]
[White "Evans, Joseph"]
[Black "Salussolia, Louis"]
[Result "0-1"]
[WhiteElo "1135"]
[BlackElo "1427"]
[PlyCount "54"]
[EventDate "2020.10.29"]
[WhiteTeam "Harrow Juniors D"]
[BlackTeam "May The Fork Be With You 2"]

1. c4 e5 2. g3 c6 3. Bg2 d5 4. cxd5 cxd5 5. e3 Nf6 6. Ne2 Nc6 7. Nbc3 e4 8. d3
Bb4 9. O-O Bxc3 10. bxc3 O-O 11. dxe4 dxe4 12. Bb2 Bg4 13. c4 Qxd1 14. Rfxd1
Bxe2 15. Re1 Bxc4 16. Bxf6 gxf6 17. Bxe4 Rfe8 18. Bxc6 bxc6 19. Rac1 Bd5 20.
Red1 Bf3 21. Rd4 Re4 22. Rxe4 Bxe4 23. Rc4 Bd5 24. Rg4+ Kh8 25. Rf4 Rb8 26. h4
Rb1+ 27. Kh2 Rh1# 0-1